Every NCAA Division I School in Indiana - Statistics

General Stats
  • This quiz has been taken 54 times
    50 since last reset
  • The average score is 7 of 11
Answer Stats
Answer Conference % Correct
Indiana Big Ten
100%
Indiana State Missouri Valley
97%
Purdue Big Ten
91%
Notre Dame ACC/Independent
88%
Evansville Missouri Valley
59%
Ball State MAC
56%
Butler Big East
53%
IUPUI Horizon
53%
Purdue Fort Wayne Horizon
53%
Southern Indiana Ohio Valley
47%
Valparaiso Missouri Valley
35%
No matching quizzes found
Score Distribution
Percent of People with Each Score
Percentile by Number Answered
Your Score History
You have not taken this quiz since the last reset